| 000 | 01450nam a2200337 i 4500 | ||
|---|---|---|---|
| 001 | 14440 | ||
| 003 | ES-MaACL | ||
| 005 | 20250805003850.0 | ||
| 007 | t| | ||
| 008 | 990310s1998 sp ||||1| spa d | ||
| 020 | _a84-7423-892-7 | ||
| 080 | _a821.134.2-31"16" | ||
| 080 | _a821.134.2 Cervantes Saavedra, Miguel de 7 Quijote.06 | ||
| 100 | 1 |
_aCervantes Saavedra, Miguel de, _d1547-1616 _9226514 |
|
| 240 | 0 | _aDon Quijote de la Mancha | |
| 245 | 1 | 0 |
_aDon Quijote de la Mancha / _cMiguel de Cervantes ; edición del Instituto Cervantes dirigida por Francisco Rico con la colaboración de Joaquín Forradellas ; estudio preliminar de Fernando Lázaro Carreter. |
| 250 | _a2ª ed. rev. | ||
| 260 |
_aBarcelona : _bCrítica : _bInstituto Cervantes, _c1998. |
||
| 300 |
_a3 vol. ; _c21 cm + _e1 CD-ROM. |
||
| 490 | 1 |
_aBiblioteca clásica ; _v50 |
|
| 505 | 8 | _a1. Vol. de texto -- 2. Vol. complementario -- 3. Guía de uso | |
| 600 | 1 | 4 |
_aCervantes Saavedra, Miguel de, _d1547-1616. _tDon Quijote de la Mancha- _xCrítica e interpretación _937618 |
| 700 | 1 |
_aRico, Francisco, _d1942- _997012 |
|
| 700 | 1 |
_aForradellas, Joaquín. _951807 |
|
| 700 | 1 |
_aLázaro Carreter, Fernando, _d1923-2004 _970798 |
|
| 710 | 2 |
_aInstituto Cervantes. _94811 |
|
| 830 | 0 |
_aBiblioteca clásica ; _v50 _9180370 |
|
| 852 |
_aES-MaACL _jL-21625-27 _bR.127122 _z. - Libro |
||
| 852 |
_aES-MaACL _jROT 1/7/13 _z. - CD-ROM |
||
| 999 |
_c14440 _d14440 |
||